| 000 | 00690nam a2200181Ia 4500 | ||
|---|---|---|---|
| 008 | 090630s9999 xx 000 0 und d | ||
| 082 | _b6520 | ||
| 100 | _aदेव शंकर श्री. | ||
| 245 |
_aश्री समर्थ चरित्र खंड - 3. _cदेव शंकर श्री. |
||
| 260 | _bढवळे के. बी. | ||
| 300 | _a296 | ||
| 600 | _aदेव शंकर श्री. | ||
| 630 | _aश्री समर्थ चरित्र खंड - 3. | ||
| 655 | _aधार्मिक. | ||
| 700 | _aदेव शंकर श्री. | ||
| 730 | _aश्री समर्थ चरित्र खंड - 3. | ||
| 942 | _cBOOK | ||
| 999 |
_c258376 _d258376 |
||